[Event "26th EUR-ch"]
[Site "Katowice POL"]
[Date "2026.04.13"]
[Round "6.90"]
[White "Johansson, Linus"]
[Black "Bendayan Claros, Aaron"]
[Result "1-0"]
[WhiteElo "2425"]
[BlackElo "2296"]
[EventDate "2026.04.07"]
[PlyCount "142"]

1.d4 d5 2.c4 e6 3.Nc3 Nf6 4.cxd5 exd5 5.Bg5 Be6 6.e3 Nbd7 7.Bd3 c6 8.f4 h6
9.Bh4 g5 10.fxg5 Ne4 11.Bxe4 dxe4 12.Nge2 hxg5 13.Bg3 Nb6 14.O-O f5 15.d5 
Nxd5 16.Nxd5 Qxd5 17.Qxd5 Bxd5 18.Rxf5 Bc5 19.Bf2 Bd6 20.Bg3 Bc5 21.Bf2 
Bd6 22.h3 g4 23.hxg4 Ke7 24.Nf4 Rag8 25.g5 Be6 26.Rf6 Bf7 27.Rd1 Bb8 28.
Rf5 Be6 29.Nxe6 Kxe6 30.Rf6+ Ke7 31.Rh6 Be5 32.Be1 Rxh6 33.gxh6 Rg6 34.
Bb4+ Ke8 35.Bc5 b6 36.Bd4 Bxd4 37.Rxd4 Rxh6 38.Rxe4+ Kd7 39.g4 Kd6 40.Kg2 
Kd5 41.Re8 c5 42.Kg3 Kc4 43.g5 Rh1 44.Kf4 Kd3 45.g6 Rg1 46.Kf5 c4 47.Kf6 
Rf1+ 48.Ke6 Rg1 49.Kf7 Rf1+ 50.Kg8 Rf2 51.g7 Rxb2 52.Kf7 Rf2+ 53.Ke6 Rg2 
54.g8=Q Rxg8 55.Rxg8 Kxe3 56.Kd5 c3 57.Rg3+ Kd2 58.Kd4 c2 59.Rg2+ Kd1 60.
Rg1+ Kd2 61.Rg2+ Kd1 62.Kd3 c1=N+ 63.Kc4 Ne2 64.Kb5 Kd2 65.Ka6 Kd3 66.Rxe2
Kxe2 67.Kxa7 b5 68.Kb6 b4 69.Kc5 Kd3 70.Kxb4 Kd4 71.Kb5 Kd5 1-0

[Event "26th EUR-ch"]
[Site "Katowice POL"]
[Date "2026.04.13"]
[Round "6.91"]
[White "Lyakh, Vasiliy"]
[Black "Tadic, Stefan"]
[Result "1/2-1/2"]
[WhiteElo "2314"]
[BlackElo "2421"]
[EventDate "2026.04.07"]
[PlyCount "115"]

1.d4 d5 2.c4 e6 3.Nc3 Bb4 4.cxd5 exd5 5.Qc2 h6 6.Bf4 Nf6 7.e3 O-O 8.Nf3 c5
9.dxc5 Bxc5 10.Be2 Qe7 11.O-O a6 12.Rfd1 Be6 13.Rac1 Ba7 14.Nd4 Bxd4 15.
Rxd4 Nc6 16.Rd2 Rac8 17.Bf3 Nb4 18.Qa4 b5 19.Qa3 Rfe8 20.Be5 Nd7 21.Bd4 
Nc6 22.Qxa6 Nxd4 23.Rxd4 b4 24.Ne2 Ra8 25.Qd3 Rxa2 26.Qd2 Ne5 27.Bxd5 Bxd5
28.Rxd5 Qf6 29.Nd4 Qa6 30.Nb5 Qf6 31.Nd4 Qa6 32.Rb1 b3 33.h3 Qc4 34.Rb5 
Qa4 35.Qb4 Qxb4 36.Rxb4 Rea8 37.Rxb3 Nc4 38.Rb4 Nd2 39.Rc1 Ra1 40.Rb8+ 
Rxb8 41.Rxa1 Rxb2 42.Kh2 g6 43.Nc6 Nc4 44.Kg3 Nd6 45.Ra4 Kg7 46.Kf3 f5 47.
Ne5 Ne4 48.Nd3 Rd2 49.Ra3 Kf6 50.g3 h5 51.h4 g5 52.hxg5+ Kxg5 53.Kg2 h4 
54.gxh4+ Kxh4 55.Kf3 Kg5 56.Kg2 Kh4 57.Rb3 Kg5 58.Ra3 1/2-1/2

[Event "26th EUR-ch"]
[Site "Katowice POL"]
[Date "2026.04.13"]
[Round "6.92"]
[White "Govciyan, Pavel"]
[Black "Liskiewicz, Jakub"]
[Result "1-0"]
[WhiteElo "2420"]
[BlackElo "2280"]
[EventDate "2026.04.07"]
[PlyCount "67"]

1.c4 c6 2.Nf3 d5 3.d4 Nf6 4.cxd5 cxd5 5.Nc3 Nc6 6.Bf4 a6 7.e3 Bg4 8.Be2 e6
9.Qb3 Bd6 10.Bxd6 Qxd6 11.Ne5 Nxe5 12.dxe5 Qxe5 13.Bxg4 d4 14.Qa4+ b5 15.
Nxb5 Qxb5 16.Qxb5+ axb5 17.Bf3 Rd8 18.Bc6+ Ke7 19.Bxb5 dxe3 20.fxe3 Rb8 
21.a4 Nd5 22.Rc1 Rhc8 23.Rxc8 Rxc8 24.Kd2 Kd6 25.e4 Nf6 26.Re1 Ke5 27.Kd3 
Rd8+ 28.Kc4 Rc8+ 29.Kb4 Nxe4 30.a5 f5 31.a6 Rc7 32.Ka5 Kd6 33.Rd1+ Ke5 34.
Kb6 1-0

[Event "26th EUR-ch"]
[Site "Katowice POL"]
[Date "2026.04.13"]
[Round "6.93"]
[White "Heimisson, Hilmir Freyr"]
[Black "Piliposian, Robert"]
[Result "1/2-1/2"]
[WhiteElo "2297"]
[BlackElo "2420"]
[EventDate "2026.04.07"]
[PlyCount "127"]

1.e4 e6 2.d4 d5 3.exd5 exd5 4.Nf3 Nc6 5.Bb5 Bd6 6.c4 dxc4 7.d5 a6 8.Ba4 b5
9.dxc6 bxa4 10.O-O Ne7 11.Nbd2 Be6 12.Qxa4 Bd5 13.Nxc4 O-O 14.Nxd6 Qxd6 
15.Bf4 Qxc6 16.Qxc6 Nxc6 17.Rfd1 Bxf3 18.gxf3 Rfe8 19.Rac1 Ne5 20.Bxe5 
Rxe5 21.Rxc7 g6 22.Rd4 Rf5 23.Kg2 Re8 24.Rc2 Re1 25.h4 Kg7 26.b3 Re6 27.
Ra4 Rd6 28.Rcc4 Rdf6 29.Rc3 Rd6 30.Kg3 a5 31.Rcc4 Rd7 32.Rf4 Rfd5 33.Kg2 
Kg8 34.Rf6 Rc7 35.Ra6 Rcc5 36.Ra7 Rf5 37.Kg3 Kg7 38.Rf4 Rf6 39.Ra4 Rc3 40.
Rf4 Rc5 41.a4 Rc3 42.Rxf6 Kxf6 43.Rb7 Rd3 44.Rb5 h5 45.Kf4 Rd4+ 46.Kg3 Rd3
47.Kg2 Ke6 48.Kg3 Kf6 49.Kg2 Ke6 50.f4 Kf6 51.f3 Rc3 52.Kf2 Rd3 53.Kg3 Rc3
54.Rb6+ Kf5 55.Rb5+ Kf6 56.f5 gxf5 57.Kf4 Kg6 58.Rxa5 Rxb3 59.Rb5 Ra3 60.
Rb6+ f6 61.Rb4 Rc3 62.Kg3 Ra3 63.Rf4 Ra2 64.Kh3 1/2-1/2

[Event "26th EUR-ch"]
[Site "Katowice POL"]
[Date "2026.04.13"]
[Round "6.94"]
[White "Risteski, Emil"]
[Black "Szakmary, Domonkos"]
[Result "1-0"]
[WhiteElo "2416"]
[BlackElo "2278"]
[EventDate "2026.04.07"]
[PlyCount "59"]

1.Nf3 d5 2.e3 Nf6 3.c4 c6 4.Nc3 e6 5.b3 Nbd7 6.Bb2 Bd6 7.Qc2 O-O 8.Be2 b6 
9.Rg1 Bb7 10.g4 c5 11.g5 Ne8 12.h4 Nc7 13.h5 e5 14.cxd5 Nxd5 15.Ne4 Nb4 
16.Qb1 Bxe4 17.Qxe4 c4 18.Kf1 cxb3 19.axb3 a5 20.Qg4 Qe7 21.Nh4 g6 22.Bc4 
Kg7 23.f4 f5 24.gxf6+ Nxf6 25.Nf5+ Kh8 26.Nxe7 Nxg4 27.Nxg6+ hxg6 28.Rxg4 
gxh5 29.Rg6 Bc7 30.Ke2 1-0

[Event "26th EUR-ch"]
[Site "Katowice POL"]
[Date "2026.04.13"]
[Round "6.95"]
[White "Nakonechnyi, Oleksii"]
[Black "Stefansson, Hannes Hlifar"]
[Result "0-1"]
[WhiteElo "2296"]
[BlackElo "2414"]
[EventDate "2026.04.07"]
[PlyCount "116"]

1.c4 e5 2.Nc3 Bb4 3.Nd5 a5 4.a3 Bc5 5.Nf3 d6 6.e3 Nd7 7.d4 Ba7 8.Bd3 c6 9.
Nc3 Ngf6 10.O-O O-O 11.Bf5 Re8 12.Qc2 Qe7 13.dxe5 dxe5 14.e4 h6 15.Rb1 Nf8
16.Bxc8 Rexc8 17.Be3 Bxe3 18.fxe3 b5 19.cxb5 cxb5 20.Qe2 Qc5 21.Rbd1 Ng6 
22.Ne1 Nf4 23.Qf3 Rd8 24.Kh1 Rxd1 25.Nxd1 Ne6 26.Nc3 Ng5 27.Nd3 Qd6 28.Qe2
Rb8 29.Nf2 b4 30.axb4 axb4 31.Nd5 Nfxe4 32.Nxe4 Nxe4 33.Qd3 Nc5 34.Qc4 Ne6
35.Rd1 Kh8 36.Rf1 f6 37.h3 Qc5 38.Rc1 Rb5 39.Qxc5 Nxc5 40.Nxb4 Ne4 41.Rc8+
Kh7 42.Nc6 Rxb2 43.Ne7 Ng3+ 44.Kg1 Rb7 45.Nd5 Rd7 46.Rc5 h5 47.Ra5 h4 48.
Kf2 Kg6 49.Kf3 Kf5 50.e4+ Kg5 51.Rc5 Ra7 52.Rc7 Ra3+ 53.Rc3 Ra4 54.Rc7 g6 
55.Nc3 Ra3 56.Rc5 f5 57.Kf2 Rxc3 58.Rxe5 Kf4 0-1

[Event "26th EUR-ch"]
[Site "Katowice POL"]
[Date "2026.04.13"]
[Round "6.96"]
[White "Vardanyan, Aras"]
[Black "Musial, Igor"]
[Result "1-0"]
[WhiteElo "2408"]
[BlackElo "2270"]
[EventDate "2026.04.07"]
[PlyCount "121"]

1.c4 e6 2.Nc3 d5 3.d4 Nf6 4.Nf3 Be7 5.cxd5 exd5 6.Bf4 O-O 7.h3 c6 8.e3 Bf5
9.g4 Be4 10.Nxe4 Nxe4 11.Bd3 Bb4+ 12.Kf1 Nd7 13.Qb3 Qb6 14.a3 Be7 15.Qc2 
Rfe8 16.Kg2 Bf8 17.Ne5 Nxe5 18.dxe5 g6 19.b4 Qd8 20.Bxe4 dxe4 21.Qxe4 Bg7 
22.Bg3 Qe7 23.f4 f6 24.Qc4+ Qf7 25.Qxf7+ Kxf7 26.e4 fxe5 27.f5 a5 28.Rhd1 
Bf6 29.Kf3 gxf5 30.gxf5 Red8 31.Rxd8 Rxd8 32.bxa5 Rd3+ 33.Kg2 Ke8 34.Rb1 
Rxa3 35.Be1 Re3 36.Bf2 Ra3 37.Rxb7 Rxa5 38.Rxh7 Ra4 39.Bh4 Bxh4 40.Rxh4 
Kf7 41.Kf3 Ra3+ 42.Ke2 c5 43.Rh6 Ra4 44.Kd3 Rd4+ 45.Ke3 c4 46.h4 Rd3+ 47.
Ke2 Rd4 48.Kf3 Rd3+ 49.Kg4 Re3 50.Rc6 Rxe4+ 51.Kg5 Re1 52.Rc7+ Kg8 53.Rxc4
e4 54.Kg6 Rg1+ 55.Kf6 e3 56.Rc8+ Kh7 57.Re8 Re1 58.Kf7 Re2 59.f6 Re1 60.
Re5 Kh6 61.Ke8 1-0

[Event "26th EUR-ch"]
[Site "Katowice POL"]
[Date "2026.04.13"]
[Round "6.97"]
[White "Lymar, Vladislav"]
[Black "Agdelen, Huseyin Can"]
[Result "1/2-1/2"]
[WhiteElo "2289"]
[BlackElo "2405"]
[EventDate "2026.04.07"]
[PlyCount "118"]

1.e4 e5 2.Nf3 Nc6 3.Bc4 Bc5 4.c3 Nf6 5.d3 d6 6.O-O a6 7.Re1 Ba7 8.a4 h6 9.
b4 O-O 10.h3 Ne7 11.Nbd2 Ng6 12.Nf1 c6 13.Bb3 Re8 14.Ng3 d5 15.Ra2 Be6 16.
Qc2 Qc7 17.c4 dxe4 18.dxe4 a5 19.bxa5 Nd7 20.Bd2 Nc5 21.Qc3 Nxb3 22.Qxb3 
Red8 23.Rb1 Rd7 24.Bc3 Rad8 25.Rab2 Qd6 26.Be1 Nf4 27.Rd2 Qc5 28.Rbd1 Rxd2
29.Rxd2 Rxd2 30.Nxd2 Qxa5 31.Nf3 Qc5 32.Qxb7 Nd3 33.Kh2 Nxe1 34.Nxe1 Qxf2 
35.Nf3 Qc5 36.Qc7 f6 37.a5 Bxc4 38.Nf5 Bf7 39.Ne7+ Kh7 40.Nc8 Qe3 41.Qxa7 
Qf4+ 42.Kh1 Be6 43.Nd6 Qg3 44.Nf5 Bxf5 45.exf5 e4 46.Qf7 Qb8 47.Ng1 Qb5 
48.Qa2 Qa6 49.Ne2 c5 50.Ng3 e3 51.Qa1 Qd6 52.Kh2 h5 53.Qa4 e2 54.Qe4 e1=Q 
55.Qxe1 h4 56.Qc3 c4 57.Qxc4 Qxg3+ 58.Kg1 Qe1+ 59.Kh2 Qg3+ 1/2-1/2

[Event "26th EUR-ch"]
[Site "Katowice POL"]
[Date "2026.04.13"]
[Round "6.98"]
[White "Rekuc, Patryk"]
[Black "Sibashvili, Giorgi"]
[Result "0-1"]
[WhiteElo "2280"]
[BlackElo "2405"]
[EventDate "2026.04.07"]
[PlyCount "86"]

1.e4 c5 2.Nf3 d6 3.d4 cxd4 4.Nxd4 Nf6 5.Nc3 Nc6 6.Bg5 Bd7 7.Nxc6 Bxc6 8.
Bxf6 gxf6 9.Bb5 Bxb5 10.Nxb5 Qa5+ 11.Nc3 Qa6 12.Qh5 Rg8 13.g3 Rg5 14.Qxh7 
Rc8 15.Qh3 Rgc5 16.Rd1 f5 17.Rd2 Bg7 18.Qf1 Bxc3 19.bxc3 Qxf1+ 20.Kxf1 
fxe4 21.Kg2 Rxc3 22.Rb1 Rxc2 23.Rd4 e3 24.Rxb7 Rxf2+ 25.Kh3 Rcc2 26.Re4 
Rxh2+ 27.Kg4 e6 28.Rxe3 Rc4+ 29.Kg5 Rc5+ 30.Kg4 Rxa2 31.Rf3 Ra4+ 32.Kh3 
Rh5+ 33.Kg2 Ra2+ 34.Kg1 Rf5 35.Rxf5 exf5 36.Kf1 a5 37.Rb5 a4 38.Rxf5 a3 
39.Ra5 Ra1+ 40.Kg2 a2 41.Ra7 d5 42.g4 d4 43.Ra8+ Ke7 0-1

[Event "26th EUR-ch"]
[Site "Katowice POL"]
[Date "2026.04.13"]
[Round "6.99"]
[White "Medhus, Vitus Bondo"]
[Black "Sason, Noam"]
[Result "0-1"]
[WhiteElo "2401"]
[BlackElo "2199"]
[EventDate "2026.04.07"]
[PlyCount "74"]

1.e4 c5 2.Nf3 d6 3.d4 cxd4 4.Nxd4 Nf6 5.Nc3 a6 6.h3 e6 7.g4 h6 8.Bg2 Nc6 
9.Be3 Be7 10.Qe2 Qc7 11.O-O-O Nxd4 12.Bxd4 e5 13.Be3 Be6 14.Kb1 Rc8 15.Qd2
b5 16.f4 exf4 17.Bxf4 b4 18.Nd5 Bxd5 19.exd5 Nd7 20.Rhe1 Nb6 21.Qxb4 O-O 
22.Re2 Rb8 23.Rxe7 Qxe7 24.Bxd6 Qe2 25.Re1 Qxg2 26.Bxf8 Nd7 27.Qd6 Rc8 28.
Rc1 Nxf8 29.Qxa6 Rd8 30.c4 Qe4+ 31.Ka1 Qe3 32.Rd1 Qe2 33.Qa4 Ra8 34.Qb3 
Rb8 35.Rc1 Rxb3 36.axb3 Nd7 37.b4 Qd2 0-1

[Event "26th EUR-ch"]
[Site "Katowice POL"]
[Date "2026.04.13"]
[Round "6.100"]
[White "Sukiasian, Vahe A."]
[Black "Yekeler, Kerem Sarp"]
[Result "1-0"]
[WhiteElo "2395"]
[BlackElo "2116"]
[EventDate "2026.04.07"]
[PlyCount "80"]

1.e4 c5 2.Nf3 a6 3.Be2 e6 4.O-O b5 5.a4 b4 6.d4 cxd4 7.Nxd4 Bb7 8.Nd2 Nf6 
9.e5 Nd5 10.Nc4 Nb6 11.Na5 Bd5 12.c4 bxc3 13.bxc3 Qc7 14.c4 Be4 15.Bf3 
Bxf3 16.Qxf3 Bb4 17.Nab3 Qxc4 18.Be3 O-O 19.Rac1 Qd5 20.Qg4 h5 21.Qxh5 Qe4
22.Nc2 Nd5 23.Nxb4 Nxe3 24.fxe3 Qxe3+ 25.Kh1 Qxb3 26.Rf4 Qe3 27.Rcf1 Nc6 
28.Nxc6 dxc6 29.Rxf7 Qd3 30.Kg1 c5 31.h3 c4 32.R1f3 Qd4+ 33.Kh2 Rxf7 34.
Qxf7+ Kh8 35.Qh5+ Kg8 36.Qf7+ Kh8 37.Qxe6 c3 38.Rf5 Qh4 39.Qc6 Rd8 40.Qxc3
Qxa4 1-0

[Event "26th EUR-ch"]
[Site "Katowice POL"]
[Date "2026.04.13"]
[Round "6.101"]
[White "Velikic, Adela"]
[Black "Smolik, Jachym"]
[Result "0-1"]
[WhiteElo "2278"]
[BlackElo "2395"]
[EventDate "2026.04.07"]
[PlyCount "110"]

1.d4 Nf6 2.Nf3 e6 3.Bf4 d5 4.e3 c5 5.c3 Nc6 6.Nbd2 cxd4 7.exd4 Nh5 8.Be3 
Bd6 9.Ne5 Nf6 10.Ndf3 Qc7 11.Nxc6 bxc6 12.Bd3 a5 13.Qe2 h6 14.h3 O-O 15.
O-O Bb7 16.Rac1 Nd7 17.Rfe1 Rae8 18.Bd2 Qd8 19.Ne5 Nxe5 20.dxe5 Bc7 21.Qh5
Qe7 22.Re3 Qg5 23.Qxg5 hxg5 24.Rce1 Bc8 25.Rf3 f6 26.Be3 fxe5 27.Bg6 e4 
28.Rxf8+ Rxf8 29.Bxg5 Bb6 30.Be3 Bxe3 31.fxe3 Ba6 32.Bh5 Bd3 33.Bg4 Kf7 
34.Be2 Rb8 35.b3 c5 36.Kf2 c4 37.Bd1 Ke7 38.Kg3 Rc8 39.b4 axb4 40.cxb4 Rb8
41.a3 c3 42.Bb3 c2 43.Rc1 Rc8 44.b5 Rc3 45.Ba4 Kd8 46.b6 Kc8 47.Kf4 Rxa3 
48.Bxc2 Rc3 49.Bxd3 Rxc1 50.Ba6+ Kb8 51.Bb5 Rb1 52.Bd7 Rxb6 53.Ke5 Kc7 54.
Bxe6 Rxe6+ 55.Kxe6 d4 0-1

[Event "26th EUR-ch"]
[Site "Katowice POL"]
[Date "2026.04.13"]
[Round "6.102"]
[White "Szczurek, Krzysztof"]
[Black "Oktem, Ege Tuna"]
[Result "1-0"]
[WhiteElo "2273"]
[BlackElo "2392"]
[EventDate "2026.04.07"]
[PlyCount "113"]

1.e4 e6 2.d4 d5 3.Nc3 Nf6 4.exd5 exd5 5.Bg5 Be7 6.Qd2 O-O 7.O-O-O c6 8.f3 
b5 9.h4 b4 10.Na4 Qa5 11.b3 Be6 12.Kb1 Nbd7 13.h5 Rfc8 14.h6 g6 15.Qf4 Qd8
16.Ba6 Rcb8 17.Ne2 Ne8 18.Bxe7 Qxe7 19.Rde1 Qf6 20.Qxf6 Ndxf6 21.Nf4 Nc7 
22.Nc5 Bc8 23.Bd3 Kf8 24.g4 Nd7 25.Bxg6 Nxc5 26.dxc5 fxg6 27.Nxg6+ Kf7 28.
Re7+ Kxg6 29.Rxc7 Rb7 30.Rxc6+ Kf7 31.g5 Be6 32.Re1 Re7 33.f4 Bd7 34.Rf6+ 
Ke8 35.Rg1 Rf7 36.Re1+ Re7 37.Rg1 Rf7 38.Rd6 Bf5 39.Rxd5 Kf8 40.Re1 Bg6 
41.Rd4 Rf5 42.Rc4 Rc8 43.c6 a5 44.c7 Rf7 45.Re5 Rcxc7 46.Rxc7 Rxc7 47.f5 
Bh5 48.Kc1 Ra7 49.Rc5 Ke7 50.Kd2 Kd6 51.Rb5 Kc6 52.Re5 Kd6 53.Re6+ Kd5 54.
g6 Bg4 55.g7 Bxf5 56.Re8 Be6 57.Rxe6 1-0

[Event "26th EUR-ch"]
[Site "Katowice POL"]
[Date "2026.04.13"]
[Round "6.103"]
[White "Karvatskyi, Oleksii"]
[Black "Borrmann, Laurenz"]
[Result "0-1"]
[WhiteElo "2269"]
[BlackElo "2391"]
[EventDate "2026.04.07"]
[PlyCount "74"]

1.e4 c6 2.d4 d5 3.e5 Bf5 4.Nf3 e6 5.Be2 a5 6.O-O a4 7.Bd2 Nd7 8.Nc3 a3 9.
b3 h6 10.Rc1 Ne7 11.Nb1 g5 12.c4 dxc4 13.bxc4 c5 14.d5 Bg7 15.Nc3 Nxe5 16.
Nxe5 Bxe5 17.f4 Bd4+ 18.Kh1 gxf4 19.Bxf4 Ng6 20.Bg3 O-O 21.Nb5 Bb2 22.Rc2 
Bxc2 23.Qxc2 exd5 24.cxd5 Be5 25.Bxe5 Nxe5 26.Qe4 Ng6 27.d6 Qh4 28.Qd5 
Rae8 29.g3 Qe4+ 30.Bf3 Qb4 31.Nc7 Re1 32.Kg2 Rxf1 33.Kxf1 Qd4 34.Qxd4 cxd4
35.Bxb7 Rb8 36.d7 Rd8 37.Bc8 Ne7 0-1

[Event "26th EUR-ch"]
[Site "Katowice POL"]
[Date "2026.04.13"]
[Round "6.104"]
[White "Rudzinska, Michalina"]
[Black "Povshednyi, Ivan"]
[Result "0-1"]
[WhiteElo "2204"]
[BlackElo "2391"]
[EventDate "2026.04.07"]
[PlyCount "110"]

1.e4 c6 2.d4 d5 3.e5 Bf5 4.Bd3 Bxd3 5.Qxd3 e6 6.Ne2 c5 7.c3 Qb6 8.O-O Ne7 
9.dxc5 Qxc5 10.Nd4 Nbc6 11.Re1 a6 12.Nd2 Nxd4 13.cxd4 Qb5 14.Qh3 Nc6 15.
Nf3 Qd3 16.Be3 Be7 17.Rac1 Qf5 18.g4 Qg6 19.Qg3 h5 20.g5 Qf5 21.h3 h4 22.
Nxh4 Qh7 23.Ng2 Qxh3 24.Qxh3 Rxh3 25.g6 Rh5 26.Nf4 Rg5+ 27.Kf1 Rf5 28.
gxf7+ Kxf7 29.Ne2 Rh5 30.Kg2 Rah8 31.Rh1 Rxh1 32.Rxh1 Rc8 33.Rc1 Bd8 34.
Ng1 Na7 35.Rxc8 Nxc8 36.Nf3 Kg6 37.Kf1 Kf5 38.Ke2 Na7 39.Kd3 Nc6 40.Bd2 g5
41.Ng1 Kg4 42.Be1 Bb6 43.f3+ Kf4 44.Nh3+ Kf5 45.Bc3 Nxe5+ 46.dxe5 g4 47.
fxg4+ Kxg4 48.Ke2 Kxh3 49.Kf3 Kh4 50.Kf4 Bd8 51.Bb4 Kh5 52.b3 Bb6 53.Bd2 
Bc5 54.Kg3 Bf8 55.a4 Bg7 0-1

[Event "26th EUR-ch"]
[Site "Katowice POL"]
[Date "2026.04.13"]
[Round "6.105"]
[White "Demchenko, Anton"]
[Black "Fruebing, Stefan"]
[Result "1-0"]
[WhiteElo "2636"]
[BlackElo "2304"]
[EventDate "2026.04.07"]
[PlyCount "65"]

1.e4 c5 2.Nf3 Nc6 3.Bb5 d6 4.O-O Bd7 5.Re1 Nf6 6.h3 Ne5 7.a4 e6 8.Nxe5 
dxe5 9.d3 a6 10.Bxd7+ Nxd7 11.a5 Bd6 12.Nd2 O-O 13.Nc4 Bc7 14.Be3 Rc8 15.
c3 Bb8 16.Qa4 Qc7 17.Rab1 Rfd8 18.b4 cxb4 19.cxb4 Nf6 20.Nb6 Qc6 21.b5 Qc2
22.Qa1 Rc7 23.Rb2 Qxd3 24.Rd2 Qxd2 25.Bxd2 Rxd2 26.Rd1 Rcc2 27.bxa6 bxa6 
28.Nc4 Ra2 29.Qb1 Rxd1+ 30.Qxd1 Bc7 31.Qb1 Re2 32.f3 Ne8 33.Kf1 1-0

[Event "26th EUR-ch"]
[Site "Katowice POL"]
[Date "2026.04.13"]
[Round "6.106"]
[White "Vykouk, Jan"]
[Black "Azoulay, Yehonatan"]
[Result "1-0"]
[WhiteElo "2553"]
[BlackElo "2298"]
[EventDate "2026.04.07"]
[PlyCount "127"]

1.c4 Nf6 2.Nc3 g6 3.d4 Bg7 4.e4 d6 5.Be2 O-O 6.Nf3 e5 7.d5 a5 8.Be3 Na6 9.
Nd2 Nd7 10.g4 Ndc5 11.a3 Bd7 12.Qc2 c6 13.h4 Rc8 14.h5 Bf6 15.O-O-O Bg5 
16.Bxg5 Qxg5 17.Kb1 Nc7 18.Nf3 Qf6 19.g5 Qe7 20.Rh4 cxd5 21.cxd5 b5 22.b4 
axb4 23.axb4 Na4 24.Nxa4 bxa4 25.Rdh1 Nb5 26.Qd2 Nc3+ 27.Ka1 Nxe2 28.Qxe2 
Rc3 29.Nd2 Rb8 30.hxg6 fxg6 31.Rxh7 Qxh7 32.Rxh7 Kxh7 33.Nb1 Rb3 34.Nd2 
R3xb4 35.Qf3 Be8 36.Qf8 R4b6 37.Nc4 Rb1+ 38.Ka2 Rc1 39.Na3 Re1 40.Nb5 Re2+
41.Ka3 Re1 42.Qxd6 Rb7 43.Qf8 Bxb5 44.Qh6+ Kg8 45.Qxg6+ Kh8 46.Qh6+ Kg8 
47.Qe6+ Kh7 48.Qf5+ Kg7 49.Qxe5+ Kh7 50.Qf5+ Kg7 51.Qf6+ Kh7 52.g6+ Kh6 
53.g7+ Kh7 54.g8=Q+ Kxg8 55.Qc3 Rb1 56.Qc8+ Be8 57.Qxe8+ Kg7 58.Qe5+ Kh7 
59.d6 R1b3+ 60.Ka2 Rd3 61.Qf5+ Kg7 62.Qg5+ Kf7 63.Qh5+ Ke6 64.Qf5+ 1-0

[Event "26th EUR-ch"]
[Site "Katowice POL"]
[Date "2026.04.13"]
[Round "6.107"]
[White "Sapocinic, Semion"]
[Black "Zanan, Evgeny"]
[Result "1/2-1/2"]
[WhiteElo "2307"]
[BlackElo "2497"]
[EventDate "2026.04.07"]
[PlyCount "105"]

1.d4 Nf6 2.Nf3 g6 3.Nbd2 Bg7 4.e4 d6 5.Bd3 O-O 6.O-O c5 7.dxc5 dxc5 8.Re1 
Nc6 9.h3 Qc7 10.c3 Nh5 11.Bf1 Nf4 12.a4 Rd8 13.Qc2 h6 14.Nc4 Be6 15.Be3 b6
16.Rad1 g5 17.Rxd8+ Rxd8 18.Rd1 Rxd1 19.Qxd1 Ng6 20.Qd2 Qc8 21.b4 Nb8 22.
bxc5 bxc5 23.Qb2 Nd7 24.Nfd2 Qc6 25.Qa3 Nf4 26.Na5 Qc8 27.Bb5 a6 28.Bf1 
Bf6 29.Nac4 Qc6 30.Na5 Qc8 31.Nac4 Qc6 32.a5 Kg7 33.Nb6 Nxb6 34.axb6 Qxb6 
35.Bxc5 Qd8 36.Be3 a5 37.Qc5 Kg8 38.h4 a4 39.hxg5 hxg5 40.Bd4 Qa8 41.e5 
Bg7 42.Qxe7 a3 43.Qxg5 a2 44.c4 Ng6 45.Ba1 Qb8 46.Nf3 Qb1 47.Qd8+ Nf8 48.
Qd4 Bxc4 49.Qxc4 Qxa1 50.Ng5 Qxf1+ 51.Qxf1 Bxe5 52.Nxf7 a1=Q 53.Qxa1 
1/2-1/2

[Event "26th EUR-ch"]
[Site "Katowice POL"]
[Date "2026.04.13"]
[Round "6.108"]
[White "Lashkin, Jegor"]
[Black "Sliwicka, Alicja"]
[Result "1-0"]
[WhiteElo "2493"]
[BlackElo "2293"]
[EventDate "2026.04.07"]
[PlyCount "83"]

1.e4 c5 2.Nf3 Nc6 3.d4 cxd4 4.Nxd4 e5 5.Nb5 d6 6.c4 g6 7.Bd3 a6 8.N5c3 Nf6
9.O-O Bg7 10.Bg5 h6 11.Be3 O-O 12.f3 Be6 13.Na3 Nd7 14.Rf2 Rc8 15.Bf1 Nd4 
16.Rd2 Qa5 17.Ne2 Nxe2+ 18.Bxe2 Rfd8 19.Qf1 Nb6 20.Rad1 Na4 21.Nb1 Rc6 22.
b3 Nc5 23.Rb2 Nd7 24.Kh1 Rb8 25.b4 Qc7 26.Nc3 Qd8 27.Rbd2 Ra8 28.c5 dxc5 
29.b5 Rcc8 30.Bc4 Qa5 31.Bxe6 fxe6 32.Rxd7 Qxc3 33.Qf2 g5 34.h4 gxh4 35.
Bd2 Qd4 36.Rxd4 exd4 37.Qxh4 axb5 38.Bxh6 Rc7 39.Qg5 Rac8 40.Qg6 Kh8 41.
Kg1 Re7 42.Kf2 1-0

[Event "26th EUR-ch"]
[Site "Katowice POL"]
[Date "2026.04.13"]
[Round "6.109"]
[White "Patrelakis, Evaggelos"]
[Black "Durucay, Uygar"]
[Result "1-0"]
[WhiteElo "2490"]
[BlackElo "2286"]
[EventDate "2026.04.07"]
[PlyCount "98"]

1.e4 c5 2.Nf3 d6 3.d4 cxd4 4.Nxd4 Nf6 5.Nc3 Nc6 6.Bg5 Bd7 7.Qd2 Rc8 8.
O-O-O Nxd4 9.Qxd4 Qa5 10.f4 h6 11.Bxf6 gxf6 12.Kb1 Qc5 13.Qd3 h5 14.Nd5 
Bg7 15.Be2 e6 16.Ne3 Ke7 17.Rhe1 Rc6 18.f5 Bh6 19.Bf3 Rb6 20.b3 Bf4 21.
fxe6 fxe6 22.e5 Bxe5 23.Nc4 Be8 24.Nxe5 fxe5 25.Qd2 Rg8 26.Be4 Kd8 27.Qh6 
Bd7 28.Rf1 Kc7 29.Rf7 Re8 30.Qxh5 Rd8 31.Qg5 Ra6 32.Qd2 d5 33.c4 d4 34.g4 
Rb6 35.g5 a5 36.g6 a4 37.Qb2 axb3 38.axb3 Ra8 39.g7 Rba6 40.Kc1 Ra1+ 41.
Bb1 Qb4 42.Rdf1 Kd6 43.R7f3 R1a3 44.Rg1 b5 45.Qd2 Qc5 46.Rf8 bxc4 47.g8=Q 
cxb3+ 48.Kd1 Ra1 49.Qc1 Qd5 1-0

[Event "26th EUR-ch"]
[Site "Katowice POL"]
[Date "2026.04.13"]
[Round "6.110"]
[White "Vasynda, Oleksandr"]
[Black "Ahmad, Khagan"]
[Result "1/2-1/2"]
[WhiteElo "2306"]
[BlackElo "2483"]
[EventDate "2026.04.07"]
[PlyCount "161"]

1.d4 Nf6 2.Nf3 e6 3.c4 d5 4.e3 Be7 5.Bd3 O-O 6.b3 c5 7.O-O cxd4 8.exd4 b6 
9.Bb2 Bb7 10.Nc3 Nc6 11.Re1 dxc4 12.bxc4 Nb4 13.Be2 Rc8 14.Ne5 Nc6 15.Bf3 
Bb4 16.Qa4 Bxc3 17.Bxc3 Qc7 18.Bxc6 Bxc6 19.Qb3 Qb7 20.f3 Rfd8 21.Rad1 h6 
22.Rd2 Qc7 23.Bb4 Ba8 24.Qa3 Nd7 25.Be7 Nxe5 26.Bxd8 Nxc4 27.Bxc7 Nxa3 28.
Bf4 Bd5 29.Rb2 Rc4 30.Bd6 Nc2 31.Rc1 Ne3 32.Re1 Nf5 33.Bb8 Ra4 34.Rc1 Nxd4
35.Bd6 Nf5 36.Bb8 Nd4 37.Bd6 Kh7 38.Rc7 Kg6 39.Rb4 Rxb4 40.Bxb4 a5 41.Bd2 
Nb5 42.Rc8 Bxa2 43.Rb8 Na3 44.Rxb6 a4 45.Ra6 Bb3 46.Bb4 Nb5 47.Bf8 h5 48.
h4 Nc7 49.Ra7 Nd5 50.Kf2 e5 51.Ra6+ Kh7 52.Ra7 Nf4 53.g3 Ne6 54.Bd6 f6 55.
Ke3 Nd4 56.Bc5 Ne6 57.Bd6 Kg6 58.Ra5 Nd4 59.Bc5 Nc6 60.Ra6 Nd8 61.Bd6 Kf5 
62.Be7 Ne6 63.Ra5 Nc7 64.Bf8 g6 65.Kf2 Ke6 66.Ra7 Nd5 67.Ra6+ Kf5 68.Bg7 
g5 69.hxg5 Kxg5 70.Bf8 h4 71.gxh4+ Kxh4 72.Bh6 Kh5 73.Bd2 Kg6 74.Ra5 Kf5 
75.Bh6 Kg6 76.Bf8 Kf5 77.Bh6 Nc7 78.f4 Nd5 79.fxe5 Kxe5 80.Ke2 Ke4 81.Rxd5
1/2-1/2

[Event "26th EUR-ch"]
[Site "Katowice POL"]
[Date "2026.04.13"]
[Round "6.111"]
[White "Martirosyan, David"]
[Black "Nemec, Jachym"]
[Result "0-1"]
[WhiteElo "2281"]
[BlackElo "2482"]
[EventDate "2026.04.07"]
[PlyCount "48"]

1.e4 c5 2.Nf3 Nc6 3.Bb5 e6 4.O-O Nge7 5.d4 cxd4 6.Nxd4 Ng6 7.Be3 Be7 8.c3 
Qc7 9.Nd2 a6 10.Bd3 O-O 11.g3 b5 12.h4 Bb7 13.Re1 b4 14.f4 bxc3 15.bxc3 
Bc5 16.h5 Nge7 17.Kh2 Ba7 18.h6 f5 19.hxg7 Rf6 20.g4 Nxd4 21.cxd4 Bxd4 22.
Rc1 Qb8 23.Kg3 Bxe3 24.Rxe3 fxe4 0-1

[Event "26th EUR-ch"]
[Site "Katowice POL"]
[Date "2026.04.13"]
[Round "6.112"]
[White "Ribeiro, Gustavo"]
[Black "Culum, Sanjin"]
[Result "0-1"]
[WhiteElo "2280"]
[BlackElo "2460"]
[EventDate "2026.04.07"]
[PlyCount "70"]

1.e3 d5 2.Nf3 Nf6 3.d4 e6 4.Bd3 Bd6 5.O-O O-O 6.c4 c6 7.Nbd2 Nbd7 8.Qc2 h6
9.e4 dxe4 10.Nxe4 Nxe4 11.Bxe4 c5 12.Rd1 Qc7 13.dxc5 Bxc5 14.b3 f5 15.Bd3 
Nf6 16.h3 e5 17.Bxf5 e4 18.Bxe4 Bxh3 19.b4 Rae8 20.bxc5 Nxe4 21.Be3 Rxf3 
22.gxf3 Qf7 23.Kh2 Qxf3 24.Rg1 Bf5 25.Rxg7+ Kxg7 26.Qb2+ Nf6 27.Rg1+ Kf7 
28.Rg3 Ng4+ 29.Kg1 Qd1+ 30.Kg2 Be4+ 31.Kh3 Qh1+ 32.Kxg4 Rg8+ 33.Kf4 Qh4+ 
34.Ke5 Re8+ 35.Kd4 Qf6# 0-1

[Event "26th EUR-ch"]
[Site "Katowice POL"]
[Date "2026.04.13"]
[Round "6.113"]
[White "Filindash, Nikita"]
[Black "Ljepic, Andrej"]
[Result "0-1"]
[WhiteElo "2279"]
[BlackElo "2446"]
[EventDate "2026.04.07"]
[PlyCount "52"]

1.d4 d6 2.Nf3 Nf6 3.c4 g6 4.Nc3 Bf5 5.Nh4 Bd7 6.e4 e5 7.Nf3 exd4 8.Nxd4 
Bg7 9.Be2 O-O 10.O-O Nc6 11.Be3 Re8 12.f3 Nh5 13.Nxc6 Bxc6 14.Qd2 f5 15.
exf5 gxf5 16.Bg5 Bxc3 17.bxc3 Rxe2 18.Qxe2 Qxg5 19.Kh1 Re8 20.Qc2 Qh4 21.
Kg1 Nf4 22.Rf2 Qg5 23.Kh1 Re6 24.Qd2 Rh6 25.Qc1 Qh4 26.Qg1 Nh5 0-1

[Event "26th EUR-ch"]
[Site "Katowice POL"]
[Date "2026.04.13"]
[Round "6.114"]
[White "Jarocka, Liwia"]
[Black "Jakubowski, Krzysztof"]
[Result "0-1"]
[WhiteElo "2272"]
[BlackElo "2434"]
[EventDate "2026.04.07"]
[PlyCount "92"]

1.c4 e5 2.g3 Nf6 3.Bg2 c6 4.Nf3 e4 5.Nd4 Qb6 6.Nb3 a5 7.d3 Bb4+ 8.Nc3 a4 
9.Nd2 d5 10.cxd5 exd3 11.O-O cxd5 12.exd3 Qa5 13.Nf3 O-O 14.Ne2 a3 15.Nf4 
Nc6 16.Qb3 Rd8 17.bxa3 Bxa3 18.Bd2 Qa4 19.Rfe1 h6 20.h4 Bc5 21.Rac1 Qa7 
22.Re2 g5 23.Qc3 Bd4 24.Nxd4 Qxd4 25.hxg5 hxg5 26.Nh3 Rxa2 27.Ree1 Bxh3 
28.Bxh3 Qxc3 29.Bxc3 d4 30.Ba1 Nb4 31.Red1 Nc2 32.Rd2 Rda8 33.Rcxc2 Rxa1+ 
34.Bf1 Rb1 35.Kg2 Raa1 36.Be2 g4 37.f3 b5 38.fxg4 b4 39.Rb2 Nd5 40.Kf3 Nc3
41.Kf4 b3 42.Rxb1 Rxb1 43.Ke5 b2 44.Kxd4 Na4 45.Bd1 Rc1 46.Bc2 Rxc2 0-1